[Event "Titled Tuesday intern op 16th Apr Early"]
[Site "Chess.com INT"]
[Date "2024.04.16"]
[Round "5"]
[White "Salem, AR Saleh"]
[Black "Volkov, Maksim"]
[Result "1-0"]
[WhiteElo "2629"]
[BlackElo "2340"]
[PlyCount "65"]
[EventDate "2024.04.16"]
[EventType "swiss (blitz)"]
[EventRounds "11"]
[EventCountry "USA"]
[SourceTitle "CB17_2024"]
[SourceDate "2024.04.24"]
[SourceVersion "1"]
[SourceVersionDate "2024.04.24"]
[SourceQuality "1"]

1. d4 d5 2. Nf3 Nf6 3. e3 e6 4. Bd3 c5 5. b3 cxd4 6. exd4 Nc6 7. 0-0 g6 8. Re1 Bg7 9. Ba3 Ne7 10. c4 0-0 11. Nc3 Re8 12. Rc1 Bd7 13. Ne5 Bc6 14. Bb1 Rc8 15. Qe2 dxc4 16. bxc4 Nf5 17. Bxf5 exf5 18. Rcd1 Qa5 19. Qb2 Be4 20. f3 Bc6 21. Qb4 Qa6 22. Bb2 Nd7 23. f4 Nf6 24. d5 Bd7 25. a4 Bf8 26. Qb3 Bc5+ 27. Kh1 Ng4 28. Nxg4 fxg4 29. Ne4 Be7 30. d6 Bd8 31. Qc3 f6 32. Nxf6+ Bxf6 33. Qxf6 1-0

[Event "Titled Tuesday intern op 16th Apr Early"]
[Site "Chess.com INT"]
[Date "2024.04.16"]
[Round "6"]
[White "Volkov, Maksim"]
[Black "Dixit, Nikhil"]
[Result "0-1"]
[WhiteElo "2340"]
[BlackElo "2334"]
[PlyCount "74"]
[EventDate "2024.04.16"]
[EventType "swiss (blitz)"]
[EventRounds "11"]
[EventCountry "USA"]
[SourceTitle "CB17_2024"]
[SourceDate "2024.04.24"]
[SourceVersion "1"]
[SourceVersionDate "2024.04.24"]
[SourceQuality "1"]

1. e4 c5 2. Nf3 Nc6 3. d4 cxd4 4. Nxd4 Nf6 5. Nc3 e5 6. Ndb5 d6 7. Bg5 a6 8. Na3 b5 9. Bxf6 gxf6 10. Nd5 Bg7 11. Bd3 Ne7 12. Nxe7 Qxe7 13. c4 0-0 14. cxb5 f5 15. 0-0 d5 16. exd5 e4 17. Be2 Bxb2 18. Nc4 Bxa1 19. Qxa1 axb5 20. d6 Qg5 21. Nb6 f4 22. Rd1 f3 23. Bf1 Bh3 24. g3 Bxf1 25. Nxa8 e3 26. Nb6 Be2 27. Rd5 Qh6 28. Nd7 exf2+ 29. Kxf2 Qxh2+ 30. Ke3 Re8+ 31. Kf4 f5 32. Rxf5 Qh6+ 33. Rg5+ Kf7 34. Ne5+ Ke6 35. d7 Rf8+ 36. Ke4 Qxg5 37. Qd4 Qf5+ 0-1

[Event "Titled Tuesday intern op 16th Apr Early"]
[Site "Chess.com INT"]
[Date "2024.04.16"]
[Round "4"]
[White "Volkov, Maksim"]
[Black "Yeletsky, Ivan"]
[Result "1/2-1/2"]
[WhiteElo "2340"]
[BlackElo "2504"]
[PlyCount "72"]
[EventDate "2024.04.16"]
[EventType "swiss (blitz)"]
[EventRounds "11"]
[EventCountry "USA"]
[SourceTitle "CB17_2024"]
[SourceDate "2024.04.24"]
[SourceVersion "1"]
[SourceVersionDate "2024.04.24"]
[SourceQuality "1"]

1. d4 e6 2. c4 c5 3. d5 g6 4. Nf3 Bg7 5. d6 Nf6 6. Nc3 0-0 7. e4 Nc6 8. Bf4 Ne8 9. Qd2 e5 10. Bh6 Nd4 11. Bxg7 Kxg7 12. Nxe5 Nxd6 13. Nf3 Qf6 14. Be2 Re8 15. Nd5 Nxf3+ 16. Bxf3 Qe5 17. 0-0 Nxc4 18. Qc2 Nb6 19. Rad1 c4 20. a4 Nxd5 21. Rxd5 Qf6 22. Rfd1 d6 23. Rxd6 Be6 24. Bg4 Rac8 25. h3 h5 26. Bxe6 Rxe6 27. Rd7 Rce8 28. Rxb7 Rxe4 29. Rdd7 Rf4 30. Rxf7+ Qxf7 31. Rxf7+ Kxf7 32. g3 Rd4 33. Kg2 Red8 34. b3 cxb3 35. Qxb3+ R4d5 36. h4 R8d7 1/2-1/2

[Event "Titled Tuesday intern op 02nd Apr Early"]
[Site "Chess.com INT"]
[Date "2024.04.02"]
[Round "2"]
[White "Tan, Jun Hao"]
[Black "Volkov, Maksim"]
[Result "0-1"]
[WhiteElo "1932"]
[BlackElo "2340"]
[PlyCount "66"]
[EventDate "2024.04.02"]
[EventType "swiss (blitz)"]
[EventRounds "11"]
[EventCountry "USA"]
[SourceTitle "CB15_2024"]
[SourceDate "2024.04.10"]
[SourceVersion "1"]
[SourceVersionDate "2024.04.10"]
[SourceQuality "1"]

1. e4 c5 2. Nf3 d6 3. d4 cxd4 4. Qxd4 Nc6 5. Bb5 Bd7 6. Bxc6 Bxc6 7. Nc3 Nf6 8. Bg5 e6 9. 0-0-0 Be7 10. Qd3 0-0 11. Nd4 Rc8 12. f4 Qa5 13. Kb1 Rfe8 14. h4 h6 15. Nb3 Qb4 16. a3 Qb6 17. e5 dxe5 18. fxe5 Nd5 19. Ne4 Bf8 20. Bc1 Ba4 21. Qg3 Kh8 22. Rd3 a5 23. Rf1 Qc7 24. Nc3 Bc6 25. Nd4 Red8 26. Nxc6 bxc6 27. Ne4 Rd7 28. Rdf3 Nb6 29. Bxh6 gxh6 30. Nf6 Bg7 31. Nxd7 Nxd7 32. Rxf7 Qxe5 33. Qg6 Qxb2# 0-1

[Event "Titled Tuesday intern op 06th Feb Early"]
[Site "Chess.com INT"]
[Date "2024.02.06"]
[Round "7"]
[White "Laddha, Shubh Jayesh"]
[Black "Volkov, Maksim"]
[Result "0-1"]
[WhiteElo "2324"]
[BlackElo "2302"]
[PlyCount "82"]
[EventDate "2024.02.06"]
[EventType "swiss (blitz)"]
[EventRounds "11"]
[EventCountry "USA"]
[SourceTitle "CB07_2024"]
[SourceDate "2024.02.14"]
[SourceVersion "1"]
[SourceVersionDate "2024.02.14"]
[SourceQuality "1"]

1. e4 c5 2. Nf3 d6 3. d4 cxd4 4. Nxd4 Nf6 5. Nc3 a6 6. h3 e5 7. Nb3 Be7 8. g4 b5 9. a4 b4 10. Nd5 Nxd5 11. Qxd5 Ra7 12. Be3 Be6 13. Qd3 Rd7 14. Bg2 d5 15. Nc5 d4 16. Nxd7 Nxd7 17. Bd2 a5 18. 0-0 0-0 19. f4 Nc5 20. Qe2 f6 21. Rf2 d3 22. cxd3 Nxd3 23. Rff1 Nxb2 24. Bxb4 Qd4+ 25. Rf2 Bxb4 26. Qxb2 Bc3 27. Qb7 Bxa1 28. f5 Bf7 29. g5 Qxa4 30. gxf6 Bd4 31. fxg7 Kxg7 32. f6+ Kh8 33. Qe7 Qb4 34. Qd7 Qe1+ 35. Kh2 Qxf2 36. Qg4 Qg1+ 37. Kg3 Rg8 38. Qg7+ Rxg7+ 39. fxg7+ Kxg7 40. Kh4 Qf2+ 41. Kg5 Qf4# 0-1

[Event "Titled Tuesday intern op 06th Feb Early"]
[Site "Chess.com INT"]
[Date "2024.02.06"]
[Round "9"]
[White "Volkov, Maksim"]
[Black "Bindrich, Falko"]
[Result "1/2-1/2"]
[WhiteElo "2302"]
[BlackElo "2584"]
[PlyCount "55"]
[EventDate "2024.02.06"]
[EventType "swiss (blitz)"]
[EventRounds "11"]
[EventCountry "USA"]
[SourceTitle "CB07_2024"]
[SourceDate "2024.02.14"]
[SourceVersion "1"]
[SourceVersionDate "2024.02.14"]
[SourceQuality "1"]

1. d4 d5 2. c4 e6 3. Nf3 Nf6 4. g3 Bb4+ 5. Bd2 Bd6 6. Bg2 c6 7. 0-0 Nbd7 8. Qc2 0-0 9. Bc3 Ne4 10. Nbd2 f5 11. Ne1 Qf6 12. Nd3 b6 13. Nf3 Ba6 14. cxd5 exd5 15. Rfe1 Rfe8 16. Nde5 Bxe5 17. Nxe5 Nxe5 18. dxe5 Qe7 19. Rac1 Rad8 20. f3 Nxc3 21. Qxc3 Qxe5 22. Qxc6 Bxe2 23. Rc2 Qd4+ 24. Kh1 Qf2 25. Rf1 Qd4 26. Re1 Qf2 27. Rf1 Qd4 28. Re1 1/2-1/2

[Event "Titled Tuesday intern op 16th Jan Early"]
[Site "Chess.com INT"]
[Date "2024.01.16"]
[Round "5"]
[White "Dehtiarov, Roman"]
[Black "Volkov, Maksim"]
[Result "1-0"]
[WhiteElo "2319"]
[BlackElo "2271"]
[PlyCount "73"]
[EventDate "2024.01.16"]
[EventType "swiss (blitz)"]
[EventRounds "11"]
[EventCountry "USA"]
[SourceTitle "CB04_2024"]
[SourceDate "2023.10.16"]
[SourceVersion "1"]
[SourceVersionDate "2023.10.16"]
[SourceQuality "1"]

1. e4 e6 2. d4 d5 3. exd5 exd5 4. Nc3 c6 5. Bd3 Bd6 6. Nge2 Ne7 7. Bg5 f6 8. Bh4 Bf5 9. Bg3 0-0 10. 0-0 Na6 11. Bxa6 bxa6 12. Na4 Rb8 13. c3 Bg6 14. Re1 Re8 15. Qd2 Nf5 16. Nc5 Nxg3 17. hxg3 Bxc5 18. dxc5 a5 19. Nd4 Qd7 20. Rxe8+ Bxe8 21. Re1 Bf7 22. Qf4 Rxb2 23. Qd6 Rb7 24. Qxd7 Rxd7 25. Rb1 Be8 26. Rb8 Kf7 27. Nf5 Kg6 28. Nd6 Bf7 29. a3 Re7 30. Kf1 Be6 31. f3 Bf5 32. g4 Bd3+ 33. Kf2 Re2+ 34. Kg3 Rc2 35. Rb7 Bf1 36. Nf5 Rxg2+ 37. Kf4 1-0

[Event "Titled Tuesday intern op 16th Jan Early"]
[Site "Chess.com INT"]
[Date "2024.01.16"]
[Round "6"]
[White "Volkov, Maksim"]
[Black "Jaiveer, Mahendru"]
[Result "1-0"]
[WhiteElo "2271"]
[BlackElo "2294"]
[PlyCount "117"]
[EventDate "2024.01.16"]
[EventType "swiss (blitz)"]
[EventRounds "11"]
[EventCountry "USA"]
[SourceTitle "CB04_2024"]
[SourceDate "2023.10.16"]
[SourceVersion "1"]
[SourceVersionDate "2023.10.16"]
[SourceQuality "1"]

1. e4 c5 2. Nf3 d6 3. d4 cxd4 4. Nxd4 Nf6 5. Nc3 a6 6. Be3 e5 7. Nb3 Be6 8. Qd2 Be7 9. f3 Nbd7 10. Nd5 Nxd5 11. exd5 Bf5 12. Be2 a5 13. a4 0-0 14. 0-0 b6 15. Bb5 Rc8 16. c4 Bg6 17. Rae1 f5 18. f4 Nc5 19. Bxc5 bxc5 20. fxe5 dxe5 21. Rxe5 Bf6 22. Re2 Bg5 23. Qxa5 Qd6 24. Qa6 Qb8 25. a5 f4 26. Qe6+ Kh8 27. Qg4 Bd3 28. Nd2 Bf6 29. Ne4 Bd4+ 30. Kh1 f3 31. Rxf3 Bxe2 32. Rxf8+ Rxf8 33. Qxe2 Qf4 34. g3 Qc1+ 35. Kg2 Bxb2 36. d6 Bd4 37. d7 h6 38. Nd6 Bf6 39. Ne8 Bd8 40. a6 Qa1 41. h4 Kg8 42. Nd6 Qd4 43. Qe6+ Kh7 44. Qe4+ Qxe4+ 45. Nxe4 Bb6 46. Bc6 Kg6 47. Nd6 Kf6 48. Nb7 Ke7 49. g4 Rb8 50. Kf3 Ke6 51. d8Q Bxd8 52. a7 Rc8 53. Nxd8+ Rxd8 54. a8Q Rxa8 55. Bxa8 Ke5 56. Bd5 Kd4 57. Kf4 Kc3 58. Kf5 Kd4 59. Kg6 1-0

[Event "Titled Tuesday intern op 16th Jan Late"]
[Site "Chess.com INT"]
[Date "2024.01.16"]
[Round "6"]
[White "Volkov, Maksim"]
[Black "Yoo, Christopher Woojin"]
[Result "1-0"]
[WhiteElo "2271"]
[BlackElo "2595"]
[PlyCount "71"]
[EventDate "2024.01.16"]
[EventType "swiss (blitz)"]
[EventRounds "11"]
[EventCountry "USA"]
[SourceTitle "CB04_2024"]
[SourceDate "2023.10.16"]
[SourceVersion "1"]
[SourceVersionDate "2023.10.16"]
[SourceQuality "1"]

1. d4 Nf6 2. c4 e6 3. g3 d5 4. Bg2 Bb4+ 5. Bd2 Be7 6. Nf3 0-0 7. 0-0 Nbd7 8. Qc2 c6 9. Rc1 a5 10. h4 h6 11. Bf4 a4 12. Nbd2 Nh5 13. e3 a3 14. b3 Nxf4 15. exf4 Nf6 16. Re1 Bb4 17. Re2 Qa5 18. Rd1 Rd8 19. Ne5 Bd7 20. Nf1 Be8 21. Ne3 Bf8 22. f5 exf5 23. Qxf5 dxc4 24. bxc4 Bd7 25. Qb1 Qb4 26. Qd3 Be8 27. Rb1 Qd6 28. Nf3 Qc7 29. Qc2 g6 30. c5 Bg7 31. Nc4 Bd7 32. Nd6 Be6 33. Rxb7 Qa5 34. Ne5 Rdb8 35. Rxb8+ Rxb8 36. Nxc6 1-0

[Event "Titled Tuesday intern op 19th Dec Early"]
[Site "Chess.com INT"]
[Date "2023.12.19"]
[Round "9"]
[White "Volkov, Maksim"]
[Black "Toman, Ondrej"]
[Result "1/2-1/2"]
[WhiteElo "2271"]
[BlackElo "2279"]
[PlyCount "166"]
[EventDate "2023.12.19"]
[EventType "swiss (blitz)"]
[EventRounds "11"]
[EventCountry "USA"]
[SourceTitle "CB52_2023"]
[SourceDate "2023.12.27"]
[SourceVersion "1"]
[SourceVersionDate "2023.12.27"]
[SourceQuality "1"]

1. e4 c6 2. d4 d5 3. exd5 cxd5 4. Bd3 Nc6 5. c3 g6 6. Bf4 Nh6 7. Qd2 Nf5 8. Nf3 Bg7 9. 0-0 0-0 10. Re1 Re8 11. Na3 a6 12. Nc2 f6 13. Rad1 e5 14. dxe5 fxe5 15. Bg5 Qd6 16. c4 d4 17. b4 h6 18. Bh4 Be6 19. a4 Kh8 20. c5 Qc7 21. Bg3 Bd5 22. Be4 Bxe4 23. Rxe4 Nxg3 24. hxg3 Qd7 25. Nce1 Qd5 26. Rh4 Kg8 27. b5 axb5 28. axb5 Nd8 29. Qc2 Re6 30. Nd3 Rc8 31. Rc1 g5 32. Nb4 Qd7 33. Re4 Qxb5 34. Nd3 b6 35. Rb1 Qa5 36. Qc4 bxc5 37. Ndxe5 Qa6 38. Qd5 Qd6 39. Qb3 c4 40. Nxc4 Qd5 41. Rxe6 Qxe6 42. Ncd2 Qxb3 43. Nxb3 Ne6 44. Re1 Kf7 45. Rd1 Rc3 46. Nbxd4 Bxd4 47. Nxd4 Nxd4 48. Rxd4 Kg6 49. g4 Rc2 50. Rd6+ Kg7 51. Kf1 Rc1+ 52. Ke2 Rc3 53. Rd3 Rc4 54. f3 Ra4 55. Rd2 Rb4 56. Ke3 Ra4 57. g3 Rb4 58. Rd7+ Kg6 59. Rd6+ Kg7 60. Rd4 Rb3+ 61. Ke4 Ra3 62. Rd3 Ra4+ 63. Kf5 Ra5+ 64. Ke6 Ra6+ 65. Ke5 Ra5+ 66. Ke6 Ra6+ 67. Ke5 Ra5+ 68. Rd5 Ra3 69. Rd7+ Kg6 70. Rd6+ Kg7 71. Ke4 Ra4+ 72. Kf5 Ra5+ 73. Ke4 Ra4+ 74. Rd4 Ra3 75. Rc4 Kg6 76. Rc6+ Kg7 77. Rc5 Kg6 78. Rd5 Kg7 79. Rd2 Ra4+ 80. Ke5 Ra5+ 81. Rd5 Ra3 82. Ke4 Ra4+ 83. Rd4 Ra3 1/2-1/2

[Event "Titled Tuesday intern op 12th Dec Early"]
[Site "Chess.com INT"]
[Date "2023.12.12"]
[Round "7"]
[White "Volkov, Maksim"]
[Black "Zeneli, Klendi"]
[Result "0-1"]
[WhiteElo "2271"]
[BlackElo "2148"]
[PlyCount "124"]
[EventDate "2023.12.12"]
[EventType "swiss (blitz)"]
[EventRounds "11"]
[EventCountry "USA"]
[SourceTitle "CB51_2023"]
[SourceDate "2023.12.20"]
[SourceVersion "1"]
[SourceVersionDate "2023.12.20"]
[SourceQuality "1"]

1. e4 e5 2. Nf3 Nc6 3. Bc4 Nf6 4. d3 Bc5 5. c3 d6 6. 0-0 a6 7. a4 Ba7 8. b4 0-0 9. Nbd2 h6 10. Re1 Ng4 11. Re2 Kh8 12. h3 f5 13. Nf1 Nf6 14. Nh4 Qe8 15. exf5 Ne7 16. Ng3 Nh5 17. Nf1 Nxf5 18. Nxf5 Bxf5 19. Bd5 c6 20. Bf3 Bxh3 21. Bxh5 Qxh5 22. Be3 Bg4 23. f3 Rxf3 24. Bxa7 Rxf1+ 25. Qxf1 Bxe2 26. Qf2 Bxd3 27. Be3 Kg8 28. Qd2 Qe2 29. Qxe2 Bxe2 30. Re1 Bc4 31. Rd1 d5 32. a5 Re8 33. Bc5 e4 34. Kf2 Re6 35. Ke3 Rg6 36. Kf2 Rg4 37. Bd4 g5 38. Rh1 Kh7 39. g3 Kg6 40. Be5 h5 41. Ke3 Kf5 42. Bc7 h4 43. gxh4 gxh4 44. Rh2 Kg5 45. Bd8+ Kh5 46. Kd4 Bf1 47. Rf2 Bg2 48. Rf5+ Kh6 49. Rf6+ Kg7 50. Rd6 h3 51. Rd7+ Kg6 52. Bc7 Rh4 53. Be5 h2 54. Bxh2 Rxh2 55. Rxb7 Bf3 56. Rc7 Rd2+ 57. Kc5 e3 58. Rxc6+ Kf5 59. Rc8 e2 60. Rf8+ Kg4 61. Rg8+ Kf4 62. Rf8+ Ke3 0-1

[Event "Khanty-Mansiysk Governor Cup Rapid"]
[Site "Khanty-Mansiysk"]
[Date "2023.11.28"]
[Round "10"]
[White "Iljiushenok, Ilia"]
[Black "Volkov, Maksim"]
[Result "0-1"]
[WhiteElo "2547"]
[BlackElo "2260"]
[PlyCount "70"]
[EventDate "2023.11.26"]
[EventType "swiss (rapid)"]
[EventRounds "11"]
[EventCountry "RUS"]
[SourceTitle "CB49_2023"]
[SourceDate "2023.12.06"]
[SourceVersion "1"]
[SourceVersionDate "2023.12.06"]
[SourceQuality "1"]

1. e4 e6 2. d4 d5 3. Nd2 c5 4. Ngf3 a6 5. exd5 exd5 6. dxc5 Bxc5 7. Bd3 Nf6 8. 0-0 0-0 9. Nb3 Bb6 10. c3 Nc6 11. Re1 Bg4 12. h3 Bh5 13. Be3 Re8 14. Bxb6 Qxb6 15. Be2 a5 16. Nfd4 Bg6 17. a4 Nxd4 18. cxd4 Qb4 19. Nc5 Qxb2 20. Rc1 b6 21. Na6 Rad8 22. Bb5 Rxe1+ 23. Qxe1 h6 24. Qc3 Qxc3 25. Rxc3 Ne4 26. Rc7 Nd2 27. Rc6 Nb3 28. Rxb6 Nxd4 29. Nc5 Nxb5 30. Nb7 Rb8 31. Rxb5 Bd3 32. Rxd5 Be4 33. Rd8+ Rxd8 34. Nxd8 Kf8 35. f3 Bd5 0-1